El Nivel absoluto y relativo del salario docente

Guardat en:
Dades bibliogràfiques
Format: Text
Matèries:
Etiquetes: Afegir etiqueta
Sense etiquetes, Sigues el primer a etiquetar aquest registre!

MARC

LEADER 00000 a a2200000 04500
001 5099
003
040
245 |a El Nivel absoluto y relativo del salario docente  
650 |a INGRESO  
650 |a INGRESO MINIMO  
650 |a SITUACION DE LOS DOCENTES  
773 |g número 23; páginas 29-31  
999 |c 26172  |d 26172